The civil service of Malaysia : Towards efficiency and effectiveness :

Bibliographic Details
Main Author: AHMAD Sarji bin Abdul Hamid 1938-
Format: Book
Published: Kuala Lumpur : Percetakan Nasional Malaysia , 1996
Subjects:

MARC

LEADER 00000cam a2200000 7i4500
001 0000000880
005 20001019.0
090 0 0 |a 354.595006   |b AHM 1996 
100 0 0 |a AHMAD Sarji bin Abdul Hamid   |f Tan Sri Dato' Seri   |c 1938- 
245 1 4 |a The civil service of Malaysia :   |b Towards efficiency and effectiveness :   |b (Improvements and development in the civil service of Malaysia 1995)   |c report by Tan Sri Dato' Seri Ahmad Sarji bin Abdul Hamid, Chief Secretary to the Government 
260 0 0 |a Kuala Lumpur :   |b Percetakan Nasional Malaysia ,   |c 1996 
300 |a xv, 250 p. :   |b col. ill. ;   |c 22 cm. 
650 0 0 |a Civil service ethics   |z Malaysia 
650 0 0 |a Civil service reform   |z Malaysia 
650 0 0 |a Civil service   |z Malaysia 
999 |a 0000001861   |b Monograph   |c Open Shelf   |e Default branch